| 000 | 00749nam a2200205 a 4500 | ||
|---|---|---|---|
| 003 | 0 | ||
| 005 | 20250317105235.0 | ||
| 008 | 080923s19uu xx 00 eng d | ||
| 050 |
_aPHS Z 1033.A1 _b.G69 2008 |
||
| 100 | _aGozon, Ariel C. | ||
| 245 |
_aThe Relationship of print media exposure to the academic performance of grade 11 students / _cAriel C. Gozon. |
||
| 260 |
_aLas PiƱas City, Philippines : _bSouthville International School and Colleges, _c2008. |
||
| 300 |
_a31 pages : _billustrations ; _c28 cm. |
||
| 504 | _aIncludes bibliographical references. | ||
| 650 |
_aPrint media _xInfluence. |
||
| 650 | _aAcademic achievement. | ||
| 650 | _aMass media and education. | ||
| 650 |
_aReading _xPsychological aspects. |
||
| 942 |
_2lcc _cPASS |
||
| 999 |
_c98106 _d98106 |
||